EXPERIMENTAL PHARMACOLOGY (Record no. 6173)

MARC details
000 -LEADER
fixed length control field 00425nam a22001817a 4500
005 - DATE AND TIME OF LATEST TRANSACTION
control field 20200319115733.0
008 - FIXED-LENGTH DATA ELEMENTS--GENERAL INFORMATION
fixed length control field 200319b xxu||||| |||| 00| 0 eng d
020 ## - INTERNATIONAL STANDARD BOOK NUMBER
ISBN 9788123906492
041 ## - LANGUAGE CODE
Language code of text/sound track or separate title eng
082 ## - DEWEY DECIMAL CLASSIFICATION NUMBER
Classification number 615.1
100 ## - MAIN ENTRY--AUTHOR NAME
Personal name PILLAI, K.K.
245 ## - TITLE STATEMENT
Title EXPERIMENTAL PHARMACOLOGY
250 ## - EDITION STATEMENT
Edition statement 1st, Ed. 1999
260 ## - PUBLICATION, DISTRIBUTION, ETC. (IMPRINT)
Place of publication NEW DELHI
Name of publisher CBS
Year of publication 2019
300 ## - PHYSICAL DESCRIPTION
Number of Pages 124;p x
650 ## - SUBJECT ADDED ENTRY--TOPICAL TERM
Topical Term PHARMACY
942 ## - ADDED ENTRY ELEMENTS (KOHA)
Koha item type Books
Holdings
Lost status Damaged status Collection code Home library Current library Shelving location Date acquired Source of acquisition Cost, normal purchase price Full call number Accession Number Koha item type
    PHARMACY JRU Library JRU Library SHELF-19-B 19/03/2020 PURCHESS 295.00 615.1 23864 Books